All 25k+ cities in Europe starting with D on a Map - Statistics

General Stats
  • This quiz has been taken 341 times
    308 since last reset
  • The average score is 33 of 115
Answers on the Map
Answers color-coded by a green-red scale on the quiz's map according to % correct below.
 
Answer Stats
Country Population City % Correct
Ireland 553,165 Dublin
97%
Germany 556,780 Dresden
90%
Germany 621,877 Düsseldorf
90%
Ukraine 908,456 Donetsk
85%
Russia 46,732 Donetsk
85%
Germany 588,250 Dortmund
85%
Ukraine 990,724 Dnipro
83%
United Kingdom 149,010 Dundee
81%
France 156,854 Dijon
79%
Germany 498,686 Duisburg
77%
France 86,865 Dunkirk
74%
Hungary 201,432 Debrecen
72%
Albania 113,249 Durrës
69%
Germany 159,878 Darmstadt
68%
United Kingdom 45,013 Dover
66%
United Kingdom 264,654 Derby
65%
Latvia 82,046 Daugavpils
62%
United Kingdom 31,963 Deal
61%
Spain 188,240 Donostia
57%
Netherlands 221,235 Dordrecht
57%
United Kingdom 116,834 Doncaster
56%
Norway 101,386 Drammen
55%
United Kingdom 26,997 Douglas
48%
United Kingdom 55,507 Durham
47%
Germany 80,103 Dessau-Roßlau
46%
Croatia 28,434 Dubrovnik
45%
Germany 47,721 Dachau
44%
Austria 50,253 Dornbirn
43%
Germany 91,216 Düren
41%
Germany 77,559 Delmenhorst
39%
United Kingdom 93,305 Darlington
37%
Spain 135,050 Dos Hermanas
37%
Germany 74,254 Detmold
36%
United Kingdom 84,813 Dudley
35%
Netherlands 82,780 Deventer
33%
United Kingdom 54,360 Dunfermline
33%
United Kingdom 33,350 Dumfries
29%
Ireland 32,288 Dundalk
29%
Germany 33,721 Deggendorf
28%
France 28,561 Dieppe
28%
Germany 67,373 Dinslaken
28%
Germany 64,340 Dormagen
28%
Netherlands 40,390 Den Helder
27%
France 39,634 Douai
26%
Poland 119,373 Dąbrowa Górnicza
24%
Bulgaria 82,240 Dobrich
24%
Ireland 29,471 Drogheda
24%
Luxembourg 27,409 Differdange
23%
Germany 74,704 Dorsten
23%
Russia (Nizhny Novgorod) 229,000 Dzerzhinsk
23%
Belarus 29,000 Dzyarzhynsk
23%
Spain 42,827 Dénia
22%
Germany 46,657 Dülmen
22%
Germany 34,596 Datteln
21%
United Kingdom 66,875 Dewsbury
21%
Greece 44,823 Dráma
21%
France 72,109 Drancy
21%
Russia (Dagestan) 125,832 Derbent
20%
Russia 137,160 Domodedovo
20%
Romania 92,617 Drobeta-Turnu Severin
20%
Czechia 48,594 Děčín
18%
Romania 61,123 Deva
18%
Netherlands 44,865 Drachten
18%
France 39,106 Draguignan
18%
Netherlands 42,560 Doetinchem
17%
Germany 42,102 Dreieich
17%
Ukraine 75,396 Drohobych
17%
Germany 31,989 Delbrück
15%
Russia (Ulyanovsk) 113,472 Dimitrovgrad
15%
Bulgaria 33,088 Dimitrovgrad
15%
Spain 37,284 Don Benito
15%
Belgium 45,870 Dendermonde
14%
Germany 34,298 Dietzenbach
14%
Russia 74,985 Dubna
14%
United Kingdom 29,922 Didcot
13%
Switzerland 27,746 Dietikon
13%
Russia 116,038 Dolgoprudny
13%
Netherlands 25,425 Dronten
13%
United Kingdom 27,311 Darwen
12%
United Kingdom 36,089 Denton
12%
Russia 68,792 Dmitrov
12%
Switzerland 29,303 Dübendorf
12%
Poland 45,504 Dębica
11%
Italy 41,748 Desio
11%
Ukraine 55,984 Druzhkivka
11%
Ukraine 37,464 Dubno
11%
United Kingdom 34,157 Dunstable
11%
Poland 33,137 Dzierżoniów
11%
Ukraine 63,184 Dovzhansk
10%
France 30,664 Dreux
10%
Moldova 25,060 Dubăsari
10%
Hungary 43,604 Dunakeszi
10%
Hungary 44,200 Dunaújváros
10%
Russia 56,376 Dzerzhinsky
10%
United Kingdom 25,781 Daventry
9%
Netherlands 32,205 De Bilt
9%
Belgium 43,580 Deinze
9%
Ukraine 29,129 Dobropillja
7%
Bulgaria 29,134 Dupnica
7%
Spain 30,118 Durango
7%
Russia 38,007 Dzhankoy
7%
Romania 33,497 Dej
6%
Russia 27,225 Desnogorsk
6%
Belgium 43,423 Dilbeek
6%
Italy 29,250 Desenzano del Garda
5%
Russia 62,621 Donskoy
5%
Russia 26,161 Dyatkovo
5%
Russia 30,500 Dedovsk
4%
Russia 39,080 Dinskaya
4%
Russia (Dagestan) 29,716 Dagestanskiye Ogni
3%
France 28,604 Décines-Charpieu
3%
France 28,741 Draveil
3%
Russia (Perm) 32,072 Dobryanka
2%
Russia (Bashkortostan) 31,021 Dyurtyuli
1%
United Kingdom 27,566 Ditton
0%
No matching quizzes found
Score Distribution
Percent of People with Each Score
Percentile by Number Answered
Your Score History
You have not taken this quiz since the last reset